Príprava nových biologicky aktívnych Cu(II) komplexov s NSAID a s 2,2´-bichinolínom
Gespeichert in:
| 1. Verfasser: | |
|---|---|
| Weitere Verfasser: | |
| Format: | Manuskript Buch |
| Sprache: | Slowakisch |
| Veröffentlicht: |
2022
|
| Schlagworte: | |
| Online-Zugang: | http://is.stuba.sk/zp/portal_zp.pl?podrobnosti=158497 |
| Tags: |
Keine Tags, Fügen Sie das erste Tag hinzu!
|
MARC
| LEADER | 00000ntm a22000003a 4500 | ||
|---|---|---|---|
| 001 | stuzp88983 | ||
| 003 | SK-STU | ||
| 005 | 20220625211334.0 | ||
| 007 | ta | ||
| 008 | 150427s2015----xo-----f-mn---000-0-slo-d | ||
| 040 | |a STU |b slo | ||
| 041 | 0 | |a slo | |
| 100 | 1 | |a Gubišová, Karolína |u 042190 |4 aut |U FCHPT Ústav anorganickej chémie, technológie a materiálov |T FCHPT Oddelenie anorganickej chémie |X 105548 |U C2190 |Y 112 |7 105548 | |
| 242 | 0 | 1 | |a Preparation of novel biologically active Cu(II) complexes with NSAIDs a 2,2´-biquinoline |y eng |
| 245 | 1 | 0 | |a Príprava nových biologicky aktívnych Cu(II) komplexov s NSAID a s 2,2´-bichinolínom |
| 260 | |c 2022 | ||
| 650 | 4 | |a meď |2 slo | |
| 650 | 4 | |a komplexy |2 slo | |
| 650 | 4 | |a NSAID |2 slo | |
| 650 | 4 | |a 2,2'-bichinolín |2 slo | |
| 650 | 4 | |a copper |2 eng | |
| 650 | 4 | |a complexes |2 eng | |
| 650 | 4 | |a NSAID |2 eng | |
| 650 | 4 | |a 2,2'-biquinoline |2 eng | |
| 700 | 1 | |a Jozefíková, Flóra |u 042190 |k Z2 |4 ths |U FCHPT Ústav anorganickej chémie, technológie a materiálov |T FCHPT Oddelenie anorganickej chémie |X 42631 |U C2190 |Y 112 |7 42631 | |
| 856 | 4 | |u http://is.stuba.sk/zp/portal_zp.pl?podrobnosti=158497 | |